ا ر د و ا سٹيج ڈ ر ا ما (Record no. 174077)

MARC details
000 -LEADER
fixed length control field 00666nam a22001937a 4500
005 - DATE AND TIME OF LATEST TRANSACTION
control field 20200317110717.0
010 ## - LCCN (DPL NO)
LC control number A-845516
020 ## - INTERNATIONAL STANDARD BOOK NUMBER
Terms of availability 150.00
International Standard Book Number -
035 ## - SYSTEM CONTROL NUMBER
System control number A-845516
037 ## - SOURCE OF ACQUISITION
Source of stock number/acquisition BPPD/PUB
Stock number -
082 ## - DEWEY DECIMAL CLASSIFICATION NUMBER
Classification number 842.08
100 ## - MAIN ENTRY--PERSONAL NAME
Personal name و جے د يو سنگھ
245 ## - TITLE STATEMENT
Title ا ر د و ا سٹيج ڈ ر ا ما
Statement of responsibility, etc و جے د يو سنگھ
246 ## - VARYING FORM OF TITLE
Remainder of title Urdu Stage Darama (Urdu)
Title proper/short title by Dr. Vijay Dev Singh
260 ## - PUBLICATION, DISTRIBUTION, ETC. (IMPRINT)
Place of publication, distribution, etc Kashmir
Name of publisher, distributor, etc Institute Of Correspondence,Education
Date of publication, distribution, etc 1996 ء
270 ## - ADDRESS
Address Idara Fikr-e-Jadeed,922,Kucha Rohella Khan,Darya Ganj,
City N.Delhi
Postal code 110002
Telephone number -
Fax number -
300 ## - PHYSICAL DESCRIPTION
Extent 135 ص
Dimensions 22 Cm(Hb)
942 ## - ADDED ENTRY ELEMENTS (KOHA)
Source of classification or shelving scheme Dewey Decimal Classification
Item type Urdu Bks
Classification part 842.08
Call number suffix و ج ے
Holdings
Withdrawn status Lost status Not for loan Collection code Home library Current library Date acquired Source of acquisition Cost, normal purchase price Full call number Barcode Copy number Cost, replacement price Koha item type
      Non-fiction Central Library Central Library 17/03/2020 BPPD/Ven. 150.00 842.08 و ج ے A-845516 1 150.00 Urdu Bks

© Delhi Public Library
Hit Counter
free hit counter